000 02277cam a2200373 i 4500
999 _c523872
_d523872
001 18725099
003 NUST
005 20190531061715.0
008 150731t2017 njua b 001 0 eng
010 _a 2015030092
020 _a9780134235455
020 _a0134235452
038 _aAZHAR
040 _aDLC
_beng
_cDLC
_erda
_dDLC
042 _apcc
050 0 0 _aHF5549
_b.D4379 2017
082 0 0 _a658.3
_223
100 1 _aDessler, Gary,
_d1942-
_914697
245 1 0 _aHuman resource management /
_cGary Dessler, Florida International University.
250 _aFifteenth Edition.
264 1 _aBoston :
_bPearson Higher Education,
_c[2017].
264 4 _c©2017
300 _axxxv, 675 pages :
_bcolor illustrations ;
_c28 cm
336 _atext
_2rdacontent
337 _aunmediated
_2rdamedia
338 _avolume
_2rdacarrier
500 _aRevised edition of the author's Human resource management, 2013.
504 _aIncludes bibliographical references and indexes.
505 0 _aIntroduction -- Introduction to human resource management -- Equal opportunity and the law -- Human resource management strategy and analysis -- Recruitment, placement, and talent management -- Job analysis and the talent management process -- Personnel planning and recruiting -- Employee testing and selection -- Interviewing candidates -- Training and development -- Training and developing employees -- Performance management and appraisal -- Managing employee retention, engagement, and careers -- Compensation -- Establishing strategic pay plans -- Pay for performance and financial incentives -- Benefits and services -- Enrichment topics in human resource management -- Ethics, employee relations, and fair treatment at work -- Labor relations and collective bargaining -- Employee safety and health -- Managing global human resources -- Managing human resources in small and entrepreneurial firms -- Appendices -- Appendix A PHR and SPHR knowledge base -- Appendix B Comprehensive cases -- Glossary -- Name/organization index -- Subject index.
650 0 _aPersonnel management.
_91204
906 _a7
_bcbc
_corignew
_d1
_eecip
_f20
_gy-gencatlg
942 _2ddc
_cBK